Tủ sách văn học trong nhà trường; T1 Nguyễn Đình Chiểu,chuyên luận

সংরক্ষণ করুন:
গ্রন্থ-পঞ্জীর বিবরন
প্রধান লেখক: Hồ Sĩ Hiệp
বিন্যাস: গ্রন্থ
ভাষা:Undetermined
প্রকাশিত: Tp. HCM Văn nghệ 1997
বিষয়গুলি:
ট্যাগগুলো: ট্যাগ যুক্ত করুন
কোনো ট্যাগ নেই, প্রথমজন হিসাবে ট্যাগ করুন!
Thư viện lưu trữ: Trung tâm Học liệu Trường Đại học Cần Thơ
LEADER 00595nam a2200181Ia 4500
001 CTU_46609
008 210402s9999 xx 000 0 und d
082 |a 809 
082 |b H307/T1/1997 
100 |a Hồ Sĩ Hiệp 
245 0 |a Tủ sách văn học trong nhà trường; T1 
245 0 |b Nguyễn Đình Chiểu,chuyên luận 
245 0 |c Hồ Sĩ Hiệp 
260 |a Tp. HCM 
260 |b Văn nghệ 
260 |c 1997 
650 |a nguyen dinh chieu,vietnamese literature - history and criticism 
980 |a Trung tâm Học liệu Trường Đại học Cần Thơ